| 000 | 00666nam a22002177i 4500 | ||
|---|---|---|---|
| 999 |
_c23268 _d23268 |
||
| 003 | AR-CdUCM | ||
| 008 | 250415b20042004 pe||||| |||| 00| 0 eng d | ||
| 020 | _a978-0-689-87028-6 | ||
| 040 |
_aMUNICIPALIDAD PROVINCIAL DEL CUSCO _cBIBLIOTECA MUNICIPAL DEL CUSCO |
||
| 041 | _hspa | ||
| 082 |
_aPI / 372 / B78 _bB78 |
||
| 100 |
_aBoynton, Sanrda _951130 |
||
| 245 | _aThe Going to Bed Book / | ||
| 260 |
_aNey York : _bLittle Simon _c2004 |
||
| 300 |
_a12 páginas. : _bIlustraciones _c|23x23 cm. |
||
| 650 |
_aLiteratura infantil _9588 |
||
| 650 |
_aPrimera infancia _924660 |
||
| 856 | _fwww-SandraBoynton.com | ||
| 942 |
_2ddc _cLIBROS |
||
| 945 |
_apbjr _d15-04-2025 |
||